[Event "South Wales op 18th"]
[Site "Bridgend"]
[Date "2023.07.07"]
[Round "1"]
[White "James, Dai"]
[Black "Kozusek, Daniel"]
[Result "0-1"]
[WhiteElo "1851"]
[BlackElo "2359"]
[PlyCount "48"]
[EventDate "2023.07.07"]
[EventType "swiss"]
[EventRounds "9"]
[EventCountry "WLS"]
[SourceTitle "CBM 215 Extra"]
[Source "ChessBase"]
[SourceDate "2023.09.30"]
[SourceVersion "1"]
[SourceVersionDate "2023.09.30"]
[SourceQuality "1"]

1. e4 e6 2. d4 d5 3. e5 c5 4. Nf3 cxd4 5. Bd3 Nc6 6. 0-0 a6 7. Re1 f6 8. c4 dxc3 9. Nxc3 Be7 10. h4 fxe5 11. Nxe5 Nxe5 12. Rxe5 Nf6 13. Bg5 0-0 14. Qe2 Bd7 15. Re1 Qb6 16. Bxf6 Bxf6 17. Qh5 g6 18. Bxg6 hxg6 19. Qxg6+ Bg7 20. Nxd5 Qxf2+ 21. Kh1 Qxh4+ 22. Kg1 exd5 23. Re7 Qf2+ 24. Kh1 Rf7 0-1

[Event "WLS-chT U1850"]
[Site "Wales"]
[Date "2023.05.21"]
[Round "5"]
[White "James, Dai"]
[Black "Quinn, Peter"]
[Result "1-0"]
[WhiteElo "1848"]
[BlackElo "1823"]
[PlyCount "71"]
[EventDate "2023.02.19"]
[EventType "team-tourn"]
[EventRounds "5"]
[EventCountry "WLS"]
[SourceTitle "EXT 2024"]
[Source "ChessBase"]
[SourceDate "2023.10.10"]
[SourceVersion "1"]
[SourceVersionDate "2023.10.10"]
[SourceQuality "1"]
[WhiteTeam "The Full Ponty II"]
[BlackTeam "Cardiff Tigers"]
[WhiteTeamCountry "WLS"]
[BlackTeamCountry "WLS"]

1. f4 Nf6 2. Nf3 g6 3. d3 Bg7 4. e4 d6 5. g3 b6 6. Bg2 Bb7 7. 0-0 0-0 8. c3 c5 9. h3 Nc6 10. Kh2 Qd7 11. Qe1 Ba6 12. Qe3 Rad8 13. Na3 e5 14. Nc2 Bh6 15. Qe2 exf4 16. Bxf4 Bxf4 17. gxf4 Rde8 18. Qd2 Kg7 19. c4 Bc8 20. Rae1 Nh5 21. f5 Qe7 22. Ne3 Ne5 23. Ng4 Nxf3+ 24. Rxf3 f6 25. Qh6+ Kg8 26. fxg6 Bxg4 27. hxg4 Qe5+ 28. Kh1 hxg6 29. gxh5 g5 30. Ref1 Re6 31. Bh3 Rf7 32. Qg6+ Rg7 33. Bxe6+ Qxe6 34. Qxf6 Qg4 35. Qf8+ Kh7 36. Qf5+ 1-0

[Event "Cardiff Welsh Spring op"]
[Site "Cardiff"]
[Date "2023.03.05"]
[Round "5"]
[White "James, Dai"]
[Black "Young, Alan J"]
[Result "0-1"]
[WhiteElo "1843"]
[BlackElo "2058"]
[PlyCount "108"]
[EventDate "2023.03.04"]
[EventType "swiss"]
[EventRounds "5"]
[EventCountry "WLS"]
[SourceTitle "EXT 2024"]
[Source "ChessBase"]
[SourceDate "2023.10.10"]
[SourceVersion "1"]
[SourceVersionDate "2023.10.10"]
[SourceQuality "1"]

1. b4 c6 2. Bb2 Qb6 3. c3 d5 4. Qb3 Nf6 5. e3 Bf5 6. c4 Nbd7 7. Nc3 e6 8. a3 Nc5 9. Qa2 Nd3+ 10. Bxd3 Bxd3 11. c5 Qc7 12. Nge2 Be7 13. Qb3 Rd8 14. Nc1 Bg6 15. d4 0-0 16. 0-0 Ng4 17. g3 e5 18. h3 exd4 19. Nxd5 Rxd5 20. hxg4 Qd7 21. Bxd4 Qxg4 22. Qd1 Qe6 23. Kg2 Rh5 24. Rh1 Rxh1 25. Qxh1 Be4+ 26. f3 Bxf3+ 27. Kxf3 Qd5+ 28. e4 Qxd4 29. Ne2 Qe5 30. Nf4 f5 31. Re1 Qc3+ 32. Kg2 fxe4 33. Rxe4 Bf6 34. Nh5 Bd4 35. Qe1 Qxe1 36. Rxe1 g6 37. Nf4 Bf6 38. Re4 Kf7 39. Kf3 Re8 40. a4 g5 41. Nd3 Rxe4 42. Kxe4 Ke6 43. g4 h6 44. b5 Be7 45. Kd4 Bf6+ 46. Kc4 Kd7 47. a5 cxb5+ 48. Kxb5 Kc7 49. a6 bxa6+ 50. Kxa6 Kc6 51. Kxa7 Bd4 52. Kb8 Bxc5 53. Ne5+ Kd5 54. Nf7 Bf8 0-1

[Event "Welsh Masters 1st"]
[Site "Bridgend"]
[Date "2019.08.28"]
[Round "5"]
[White "Kett, Timothy"]
[Black "James, Dai"]
[Result "1-0"]
[WhiteElo "2245"]
[BlackElo "1858"]
[PlyCount "55"]
[EventDate "2019.08.26"]
[EventType "tourn"]
[EventRounds "9"]
[EventCountry "WLS"]
[EventCategory "1"]
[SourceTitle "EXT 2020"]
[Source "ChessBase"]
[SourceDate "2019.10.17"]
[SourceVersion "1"]
[SourceVersionDate "2019.10.17"]
[SourceQuality "1"]

1. d4 e6 2. Nf3 Nf6 3. Bg5 c5 4. e3 d5 5. Bd3 Be7 6. 0-0 0-0 7. c4 Nbd7 8. Nc3 b6 9. cxd5 exd5 10. Rc1 Bb7 11. dxc5 bxc5 12. Qe2 Ne4 13. Bxe7 Qxe7 14. Ba6 Ne5 15. Bxb7 Nxf3+ 16. gxf3 Nxc3 17. Rxc3 Qxb7 18. Rxc5 Rad8 19. Rd1 Rfe8 20. Qb5 Qa8 21. Rcxd5 h6 22. b4 Qc8 23. Rxd8 Rxd8 24. Rxd8+ Qxd8 25. a4 g5 26. Qc6 g4 27. Kg2 Qh4 28. Qc8+ 1-0

[Event "WchT Seniors 65"]
[Site "Dresden"]
[Date "2018.07.12"]
[Round "6.4"]
[White "James, Dai"]
[Black "Farrand, Julian"]
[Result "1/2-1/2"]
[WhiteElo "1832"]
[BlackElo "1832"]
[PlyCount "79"]
[EventDate "2018.07.07"]
[EventType "team-swiss"]
[EventRounds "9"]
[EventCountry "GER"]
[SourceTitle "EXT 2021"]
[Source "ChessBase"]
[SourceDate "2020.10.23"]
[SourceVersion "1"]
[SourceVersionDate "2020.10.23"]
[SourceQuality "1"]
[WhiteTeam "Wales Deheubarth"]
[BlackTeam "England II"]
[WhiteTeamCountry "WLS"]
[BlackTeamCountry "ENG"]

1. e4 Nc6 2. Nc3 e6 3. d4 d5 4. e5 Nge7 5. f4 Nf5 6. Nf3 Be7 7. Be2 Bd7 8. a3 Na5 9. g4 Nh4 10. 0-0 Nxf3+ 11. Bxf3 c5 12. b4 cxb4 13. axb4 Bxb4 14. Ne2 Nc4 15. c3 Be7 16. Ng3 g6 17. f5 Bg5 18. Qe2 Bxc1 19. Raxc1 Qg5 20. fxe6 Bxe6 21. Qa2 0-0 22. Rce1 Nd2 23. Rf2 Nxf3+ 24. Rxf3 Bxg4 25. Qxd5 Bxf3 26. Qxf3 a5 27. Kh1 a4 28. Ne4 Qe7 29. Qf4 Kg7 30. Nf6 Ra6 31. Rf1 h6 32. d5 Qd8 33. Qd4 Rxf6 34. Rxf6 Re8 35. Rd6 Qg5 36. e6+ Kg8 37. Qxa4 Qc1+ 38. Kg2 Qd2+ 39. Kf1 Qd3+ 40. Kg1 1/2-1/2

[Event "Tom Weston Major op"]
[Site "Cardiff"]
[Date "2018.04.02"]
[Round "6"]
[White "James, Dai"]
[Black "Evans, Nicholas Thomas"]
[Result "0-1"]
[WhiteElo "1850"]
[BlackElo "1860"]
[PlyCount "34"]
[EventDate "2018.03.30"]
[EventType "swiss"]
[EventRounds "7"]
[EventCountry "WLS"]
[SourceTitle "EXT 2020"]
[Source "ChessBase"]
[SourceDate "2019.10.17"]
[SourceVersion "1"]
[SourceVersionDate "2019.10.17"]
[SourceQuality "1"]

1. e4 e5 2. Nf3 Nc6 3. d4 exd4 4. Nxd4 Nf6 5. Nxc6 bxc6 6. Bd3 d6 7. Bd2 g6 8. Bc3 Bg7 9. 0-0 0-0 10. Nd2 Re8 11. f4 Ng4 12. Bxg7 Ne3 13. Qf3 Nxf1 14. Bc3 Nxd2 15. Bxd2 d5 16. Rf1 dxe4 17. Bxe4 Qd4+ 0-1

[Event "West Wales op"]
[Site "Swansea"]
[Date "2017.11.18"]
[Round "3"]
[White "James, Dai"]
[Black "Gibbons, Andrew"]
[Result "1/2-1/2"]
[WhiteElo "1893"]
[BlackElo "2010"]
[PlyCount "112"]
[EventDate "2017.11.17"]
[EventType "swiss"]
[EventRounds "5"]
[EventCountry "WLS"]
[SourceTitle "EXT 2020"]
[Source "ChessBase"]
[SourceDate "2019.10.17"]
[SourceVersion "1"]
[SourceVersionDate "2019.10.17"]
[SourceQuality "1"]

1. e4 c5 2. Nc3 Nc6 3. g3 g6 4. d3 Bg7 5. Bg2 d6 6. Nge2 Nf6 7. 0-0 0-0 8. h3 Ne8 9. Be3 Nd4 10. f4 f5 11. Qd2 Rb8 12. Nd1 b6 13. c3 Nxe2+ 14. Qxe2 Bb7 15. Nf2 Nf6 16. Rae1 Qc7 17. g4 e6 18. Bf3 c4 19. Bc1 cxd3 20. Qxd3 Rbe8 21. Rd1 fxe4 22. Nxe4 Nxe4 23. Bxe4 Bxe4 24. Qxe4 d5 25. Qd3 Bh6 26. f5 Bxc1 27. Rxc1 Qc5+ 28. Kh1 exf5 29. gxf5 Re3 30. Qd2 Rxh3+ 31. Kg2 Qe3 32. Qxd5+ Rf7 33. Qd8+ Kg7 34. Qd4+ Qxd4 35. cxd4 Rd3 36. fxg6 Rd2+ 37. Kg3 Rxf1 38. Rxf1 Kxg6 39. Kf4 Rxd4+ 40. Ke5 Ra4 41. a3 Ra5+ 42. Ke4 h5 43. Rg1+ Rg5 44. Rf1 h4 45. Rh1 Rh5 46. Rh3 Kg5 47. Kf3 Rh6 48. Kg2 Kg4 49. Rd3 Rf6 50. Rd7 a5 51. b4 axb4 52. axb4 b5 53. Rg7+ Kf4 54. Kh3 Ke3 55. Rg5 Rf3+ 56. Kg2 Rf2+ 1/2-1/2

[Event "West Wales op"]
[Site "Swansea"]
[Date "2017.11.18"]
[Round "2"]
[White "Young, Alan J"]
[Black "James, Dai"]
[Result "1/2-1/2"]
[WhiteElo "2101"]
[BlackElo "1893"]
[PlyCount "46"]
[EventDate "2017.11.17"]
[EventType "swiss"]
[EventRounds "5"]
[EventCountry "WLS"]
[SourceTitle "EXT 2020"]
[Source "ChessBase"]
[SourceDate "2019.10.17"]
[SourceVersion "1"]
[SourceVersionDate "2019.10.17"]
[SourceQuality "1"]

1. e4 e5 2. Nf3 Nc6 3. Bb5 f5 4. d4 fxe4 5. Nxe5 Nf6 6. Nc3 Bd6 7. 0-0 Nxe5 8. dxe5 Bxe5 9. Nxe4 c6 10. Nd6+ Bxd6 11. Qxd6 cxb5 12. Bd2 Kf7 13. Rae1 Re8 14. Rxe8 Qxe8 15. Re1 Qf8 16. Qd4 a5 17. g4 d6 18. g5 Ng4 19. Re4 Kg8 20. Qd5+ Kh8 21. Rf4 Qe7 22. Re4 Qf8 23. Rf4 Qe7 1/2-1/2

[Event "South Wales Autumn Premier op"]
[Site "Pencoed"]
[Date "2017.10.14"]
[Round "3"]
[White "Di Vetta, Andrew"]
[Black "James, Dai"]
[Result "0-1"]
[WhiteElo "1806"]
[BlackElo "1893"]
[PlyCount "52"]
[EventDate "2017.10.13"]
[EventType "swiss"]
[EventRounds "5"]
[EventCountry "WLS"]
[SourceTitle "EXT 2020"]
[Source "ChessBase"]
[SourceDate "2019.10.17"]
[SourceVersion "1"]
[SourceVersionDate "2019.10.17"]
[SourceQuality "1"]

1. e4 e5 2. Nf3 Nc6 3. Bc4 Nf6 4. d3 Be7 5. c3 0-0 6. 0-0 d6 7. h3 Nd7 8. b4 Kh8 9. Be3 f5 10. exf5 Rxf5 11. Be6 Rf8 12. Qb3 Nf6 13. Ng5 Bxe6 14. Nxe6 Qd7 15. Nxf8 Rxf8 16. Nd2 d5 17. Bc5 Qf5 18. Bxe7 Nxe7 19. c4 c6 20. Rae1 Ng6 21. Re3 Nf4 22. Rfe1 N6h5 23. Nf3 Nxg2 24. Rxe5 Qxf3 25. R1e2 Nhf4 26. Rg5 Nxe2+ 0-1

[Event "WLS-ch Seniors"]
[Site "Penarth"]
[Date "2017.09.03"]
[Round "5"]
[White "Van Kemenade, Rudy"]
[Black "James, Dai"]
[Result "1-0"]
[WhiteElo "1998"]
[BlackElo "1847"]
[PlyCount "55"]
[EventDate "2017.09.01"]
[EventType "swiss"]
[EventRounds "5"]
[EventCountry "WLS"]
[SourceTitle "EXT 2019"]
[Source "ChessBase"]
[SourceDate "2018.10.10"]
[SourceVersion "1"]
[SourceVersionDate "2018.10.10"]
[SourceQuality "1"]

1. e4 e6 2. d3 c5 3. Nf3 d6 4. g3 Nf6 5. Bg2 Be7 6. 0-0 0-0 7. Re1 Nc6 8. c3 e5 9. h3 Ne8 10. d4 Qc7 11. Na3 a6 12. dxc5 dxc5 13. Nc4 Be6 14. Ne3 Rd8 15. Nd5 Qd7 16. Nd2 Bxh3 17. Qh5 Bxg2 18. Kxg2 Qe6 19. Rh1 Qg6 20. Nxe7+ Nxe7 21. Qxe5 Nc6 22. Qxc5 f5 23. Qc4+ Kh8 24. Qe2 fxe4 25. Qxe4 Rxf2+ 26. Kxf2 Rxd2+ 27. Kf3 Rd3+ 28. Be3 1-0

[Event "West Bromwich Midland op-B"]
[Site "West Bromwich"]
[Date "2017.08.11"]
[Round "1"]
[White "O'Gorman, Brendan"]
[Black "James, Dai"]
[Result "1/2-1/2"]
[WhiteElo "1661"]
[BlackElo "1861"]
[PlyCount "65"]
[EventDate "2017.08.11"]
[EventType "swiss"]
[EventRounds "5"]
[EventCountry "ENG"]
[SourceTitle "CBM 180 Extra"]
[Source "ChessBase"]
[SourceDate "2017.10.06"]
[SourceVersion "1"]
[SourceVersionDate "2017.10.06"]
[SourceQuality "1"]

1. Nf3 f5 2. d3 Nf6 3. e4 d6 4. Nc3 e5 5. exf5 Bxf5 6. d4 Nbd7 7. Bc4 e4 8. Nh4 Bg4 9. Be2 Be6 10. Bg5 Be7 11. d5 Bf7 12. Nf5 0-0 13. Nxe7+ Qxe7 14. 0-0 Qe5 15. Bxf6 Nxf6 16. Bc4 c6 17. Re1 cxd5 18. Bb3 Rae8 19. Nb5 a6 20. Nd4 Bh5 21. Qd2 Ng4 22. Nf3 Rxf3 23. Qxd5+ Kh8 24. Qxe5 Nxe5 25. gxf3 Nxf3+ 26. Kf1 Nxe1 27. Rxe1 Bf3 28. Re3 g5 29. Bd5 Re7 30. Rb3 Rc7 31. c3 b5 32. Rb4 Kg7 33. Bxe4 1/2-1/2

[Event "South Wales op 14th"]
[Site "Cardiff"]
[Date "2017.07.10"]
[Round "5"]
[White "Marusenko, Petr"]
[Black "James, Dai"]
[Result "1-0"]
[WhiteElo "2162"]
[BlackElo "1832"]
[PlyCount "45"]
[EventDate "2017.07.08"]
[EventType "swiss"]
[EventRounds "10"]
[EventCountry "WLS"]
[SourceTitle "EXT 2018"]
[Source "ChessBase"]
[SourceDate "2017.10.13"]
[SourceVersion "1"]
[SourceVersionDate "2017.10.13"]
[SourceQuality "1"]

1. d4 f5 2. g3 Nf6 3. Bg2 g6 4. Nf3 Bg7 5. 0-0 0-0 6. c4 d6 7. Nc3 c6 8. Qb3 e6 9. Bf4 Nh5 10. Bg5 Bf6 11. Be3 g5 12. Rad1 Qe7 13. Qa3 f4 14. Bc1 g4 15. Ne1 d5 16. Qxe7 Bxe7 17. b3 Bd7 18. Nd3 Bg5 19. Ne5 Be8 20. Nxg4 Nd7 21. Ba3 Rf5 22. h4 Bd8 23. Nh6+ 1-0

[Event "WLS-ch 63rd"]
[Site "Cardiff"]
[Date "2017.04.16"]
[Round "5"]
[White "Sivarajasingam, Venetia"]
[Black "James, Dai"]
[Result "1/2-1/2"]
[WhiteElo "1704"]
[BlackElo "1849"]
[PlyCount "37"]
[EventDate "2017.04.14"]
[EventType "swiss"]
[EventRounds "7"]
[EventCountry "WLS"]
[SourceTitle "CBM 177 Extra"]
[Source "ChessBase"]
[SourceDate "2017.04.27"]
[SourceVersion "1"]
[SourceVersionDate "2017.04.27"]
[SourceQuality "1"]

1. e4 e5 2. Nf3 Nc6 3. Bb5 f5 4. Nc3 Nf6 5. exf5 e4 6. Qe2 Qe7 7. Bxc6 dxc6 8. Nd4 Qe5 9. Ne6 Bxe6 10. fxe6 Bd6 11. b3 0-0 12. Bb2 Rae8 13. 0-0-0 Rxe6 14. Rde1 Rfe8 15. Qc4 b5 16. Qe2 a5 17. h4 Qc5 18. Rh3 Nd5 19. g3 1/2-1/2

[Event "WLS-ch 63rd"]
[Site "Cardiff"]
[Date "2017.04.14"]
[Round "2"]
[White "Waterfield, John"]
[Black "James, Dai"]
[Result "1-0"]
[WhiteElo "1948"]
[BlackElo "1849"]
[PlyCount "81"]
[EventDate "2017.04.14"]
[EventType "swiss"]
[EventRounds "7"]
[EventCountry "WLS"]
[SourceTitle "CBM 177 Extra"]
[Source "ChessBase"]
[SourceDate "2017.04.27"]
[SourceVersion "1"]
[SourceVersionDate "2017.04.27"]
[SourceQuality "1"]

1. e4 e5 2. f4 d5 3. exd5 e4 4. d3 Nf6 5. dxe4 Nxe4 6. Be3 Qh4+ 7. g3 Nxg3 8. Nf3 Qe7 9. hxg3 Qxe3+ 10. Qe2 Bc5 11. Nbd2 Bg4 12. Qxe3+ Bxe3 13. Ne5 Bf5 14. Bb5+ Nd7 15. Ndc4 Bd4 16. 0-0-0 Bxe5 17. Nxe5 f6 18. Rde1 fxe5 19. Rxe5+ Kd8 20. Rxf5 Nf6 21. Be2 Re8 22. Re5 Kd7 23. Bb5+ c6 24. dxc6+ bxc6 25. Rd1+ Kc7 26. Bd3 Rad8 27. Rde1 g6 28. Rxe8 Rxe8 29. Kd2 Kd6 30. Rxe8 Nxe8 31. Ke3 Nf6 32. Be4 c5 33. c4 a5 34. Bf3 Ke6 35. g4 h5 36. f5+ Ke5 37. g5 Kxf5 38. gxf6 Kxf6 39. Ke4 Kg5 40. Kd5 Kf4 41. Bh1 1-0

[Event "South Wales New Year op-A"]
[Site "Bridgend"]
[Date "2017.01.06"]
[Round "1"]
[White "James, Dai"]
[Black "Brown, Thomas"]
[Result "0-1"]
[WhiteElo "1872"]
[BlackElo "2065"]
[PlyCount "66"]
[EventDate "2017.01.06"]
[EventType "swiss"]
[EventRounds "5"]
[EventCountry "WLS"]
[SourceTitle "EXT 2019"]
[Source "ChessBase"]
[SourceDate "2018.10.10"]
[SourceVersion "1"]
[SourceVersionDate "2018.10.10"]
[SourceQuality "1"]

1. f4 d5 2. Nf3 g6 3. g3 Bg7 4. Bg2 b6 5. c4 e6 6. Ne5 Nf6 7. d4 0-0 8. Nc3 Bb7 9. 0-0 Nbd7 10. b4 c5 11. dxc5 Nxe5 12. fxe5 Ng4 13. cxd5 Bxe5 14. c6 Bxc6 15. dxc6 Bxc3 16. Bf4 e5 17. Rc1 Bxb4 18. c7 Qxd1 19. Rfxd1 Rae8 20. Bc6 Re7 21. Bd7 Bc5+ 22. Rxc5 bxc5 23. c8Q Rxc8 24. Bxc8 exf4 25. Bxg4 fxg3 26. hxg3 c4 27. Rd7 Re3 28. Rxa7 Rxg3+ 29. Kf2 Rxg4 30. Rc7 h5 31. Kf3 Rd4 32. a4 c3 33. a5 Ra4 0-1